Guess the Year - Rock Music - Statistics

General Stats
  • This quiz has been taken 63 times
  • The average score is 4 of 10
Answer Stats
Question Answer % Correct
The 'Live Aid' and 'Live 8' benefit concerts are held, respectively. 1985 & 2005
69%
Guns N' Roses release their first album, becoming the best selling debut album in US history. 1987
61%
The Beach Boys' 'Pet Sounds' is released. 1966
56%
Drummer John Bonham passes away, leading to the disbandment of Led Zeppelin. 1980
55%
The Beatles perform their famous rooftop concert, their final show together. 1969
42%
Supergroup 'Traveling Wilburys' is formed. 1988
35%
Prince's famous Super Bowl half time show. 2007
35%
Syd Barret leaves Pink Floyd. 1968
32%
The Rolling Stones release the single 'Angry'. 2023
23%
Chuck Berry releases 'Johnny B. Goode'. 1958
18%
No matching quizzes found
Score Distribution
Percent of People with Each Score
Percentile by Number Answered
Your Score History
You have not taken this quiz